000 00394nam a22001097a 4500
008 230612b xxu||||| |||| 00| 0 eng d
082 _a352.4
_bKEN
245 _a2011/2012 Supplementary Estimates(Development Expenditure)
_bEstimate of Further Sums Required to be Voted for the Service of the Year Ending 30th June, 2012
260 _aNairobi,Kenya
_bGOK
_c2011
300 _aV,636p
942 _2ddc
_cBK
999 _c1075
_d1075